| 000 | 01616nam a22002897a 4500 | ||
|---|---|---|---|
| 001 | 9212 | ||
| 003 | FISKH | ||
| 005 | 20251202140344.0 | ||
| 008 | 251202b cb ||||| |||| 00| 0 eng d | ||
| 020 | _a9789995002145 | ||
| 040 |
_aFISKH _bkhr _cFISKH _dFISKH |
||
| 082 | _a398.2 | ||
| 100 | _aSakal , Ngoun | ||
| 245 |
_aពិសីនិងសេះបៃតង / _cអ្នកនិពន្ធ លោកស្រី ងួន សាកល , អ្នករៀបរៀង លោក អ៊ាន ភាង |
||
| 260 |
_aភ្នំពេញ : _bគ្រឹះស្ថានបោះពុម្ព និង ចែកផ្សាយ , _c2014 . |
||
| 300 |
_a8 pages : _bcolor illustrations ; _c27 cm . |
||
| 505 | _aH | ||
| 520 | _aពិសីមានធាងចេកពីរ នាងហៅធាងចេកនោះថាជាសេះ ។ ហើយនាងក៏ចែកសេះពណ៏បៃតងមួយទៀតអោយទៅហេងដែលជាមិត្តរបស់នាង ។ ពួកគេជិះសេះយ៉ាងសប្បាយរីករាយ ។ | ||
| 520 | _aPisey had two banana trunks, and she called them her green horses. She gave one more green horse to Heng, her friend. They happily rode their horses together. | ||
| 521 | 8 |
_a400
_bLexile estimate |
|
| 521 | 8 |
_aH
_bRaz-Plus |
|
| 650 |
_aពិសីនិងសេះបៃតង _vរឿងនិទានកុមារ |
||
| 650 |
_aPisey and her green horse _vChildren's Stories |
||
| 700 |
_aVisal , Seng _eIllustrator |
||
| 942 |
_2ddc _cKHB _n0 |
||
| 999 |
_c9212 _d9212 |
||